00463nam a22001931a 4500001000400000003000400004005001700008008004100025020001500066050001800081082001800099100001700117245004700134250000600181264002700187300000900214650002500223700002100248726OSt20260204211706.0040114s1994||||sp ||||||b||||||||||spa|| a8448100557 a658.562 J974m a658.562 J974m aJuran, J. M. aManual de control de calidad / J. M. Juran a4 aEspaña : McGraw-Hill aV. 2 a1.Control de Calidad aFran M. GrynaÌ